000
00278nam a2200097 a 4500
005
20200930075922.0
008
120131s1985 000 spa d
245
0
_a
Obras del canónigo Francisco Javier Billini.
260
_a
Higuey, República Dominicana,
_c
1985.
999
_c
36248
_d
36248
040
_a
DO-SdBNP